00616cam a2200205 a 4500001000800000005001700008008004100025020003000066020003700096040001800133082002600151100002800177245009500205260003800300300001800338650001000356650001700366650001000383650001700393156144920231124045103.0921002s1993 coua b 001 0 eng  a1555873464 (alk. paper) : a1555873545 (pbk. : alk. paper) : aDLCcDLCdDLC00a305.42/0956220bVAL.1 aMoghadam, Valentine M.,10aModernizing women :bgender and social change in the Middle East /cValentine M. Moghadam. aBoulder, CO :bL. Rienner,c1993. axvi, 311 p. : 0aWomen 0aMuslim women 0aWomen 0aMuslim women